Dlhodobá fiškálna udržateľnosť Slovenska v pandemickom a postpandemickom období bakalárska práca

Guardado en:
Detalles Bibliográficos
Autor principal: Stanko, Daniel
Autores Corporativos: Národohospodárska fakulta EU. Katedra ekonómie, Univerzita Komenského v Bratislave. Právnická fakulta
Otros Autores: Leško, Peter, 1989-
Formato: Libro
Lenguaje:eslovaco
Publicado: Bratislava 2023
Etiquetas: Agregar Etiqueta
Sin Etiquetas, Sea el primero en etiquetar este registro!

MARC

LEADER 00000nbm a2200000 4500
001 0294545
005 20231204143750.3
041 0 |a slo 
044 |a SK 
245 1 0 |a Dlhodobá fiškálna udržateľnosť Slovenska v pandemickom a postpandemickom období  |b bakalárska práca  |c Daniel Stanko ; školiteľ: Peter Leško 
264 1 |a Bratislava  |c 2023 
300 |a 59 s. 
100 1 |a Stanko, Daniel 
700 1 |a Leško, Peter, 1989- 
710 2 |a Národohospodárska fakulta EU. Katedra ekonómie 
710 2 |a Univerzita Komenského v Bratislave. Právnická fakulta